"Herbert Marcuse": Una interpretación
Guardat en:
| Autor principal: | |
|---|---|
| Format: | Llibre |
| Idioma: | Undetermined |
| Publicat: |
San José, Costa Rica
Escuela de Filosofía, Universidad de Costa Rica
1977
|
| Matèries: | |
| Etiquetes: |
Afegir etiqueta
Sense etiquetes, Sigues el primer a etiquetar aquest registre!
|
MARC
| LEADER | 00000nam a2200000Ia 4500 | ||
|---|---|---|---|
| 008 | 170316s9999 xx 000 0 und d | ||
| 040 | |a cru BVZT | ||
| 090 | |a TESIS 178 | ||
| 100 | |a Fernández Vázquez, Rodrigo | ||
| 245 | |a "Herbert Marcuse": Una interpretación | ||
| 260 | |a San José, Costa Rica | ||
| 260 | |b Escuela de Filosofía, Universidad de Costa Rica | ||
| 260 | |c 1977 | ||
| 300 | |a 112 páginas | ||
| 650 | |a LICENCIATURA EN FILOSOFÍA | ||
| 650 | |a TRABAJO FINAL DE GRADUACIÓN | ||
| 999 | |c 13787 |d 13787 | ||
| 942 | |c TFG |h TESIS 178 |2 z | ||
